[Event "St Petersburg Korchnoi Memorial op"]
[Site "St Petersburg"]
[Date "2018.08.18"]
[Round "4"]
[White "Akopova, Anna"]
[Black "Solozhenkina, Elizaveta"]
[Result "1/2-1/2"]
[WhiteElo "2105"]
[BlackElo "2294"]
[PlyCount "68"]
[EventDate "2018.08.15"]
[EventType "swiss"]
[EventRounds "9"]
[EventCountry "RUS"]
[SourceTitle "CBM 186 Extra"]
[Source "ChessBase"]
[SourceDate "2018.08.24"]
[SourceVersion "1"]
[SourceVersionDate "2018.08.24"]
[SourceQuality "1"]

1. d4 Nf6 2. Nf3 e6 3. e3 b6 4. Bd3 Bb7 5. 0-0 c5 6. b3 Be7 7. Bb2 0-0 8. c4 cxd4 9. Nxd4 Nc6 10. Nxc6 Bxc6 11. Nd2 d5 12. Qe2 dxc4 13. Bxc4 b5 14. Bd3 Qd7 15. Nf3 Qb7 16. Rfd1 Rfd8 17. Rac1 h6 18. Bb1 a5 19. Rxd8+ Rxd8 20. Nd4 Bxg2 21. f3 Bh3 22. Nc6 Rd5 23. Nxe7+ Qxe7 24. f4 Qd8 25. Bc3 Qc7 26. Bd2 Qb6 27. Rc8+ Rd8 28. Rxd8+ Qxd8 29. Qxb5 Qa8 30. Qe2 Bg4 31. Qc4 Bh3 32. Qe2 Bg4 33. Qc4 Bh3 34. Qe2 Bg4 1/2-1/2

[Event "St Petersburg Korchnoi Memorial op"]
[Site "St Petersburg"]
[Date "2018.08.17"]
[Round "3"]
[White "Shishkin, Vadim1111"]
[Black "Akopova, Anna"]
[Result "1/2-1/2"]
[WhiteElo "1813"]
[BlackElo "2105"]
[PlyCount "126"]
[EventDate "2018.08.15"]
[EventType "swiss"]
[EventRounds "9"]
[EventCountry "RUS"]
[SourceTitle "CBM 186 Extra"]
[Source "ChessBase"]
[SourceDate "2018.08.24"]
[SourceVersion "1"]
[SourceVersionDate "2018.08.24"]
[SourceQuality "1"]

1. e4 e5 2. Nf3 Nc6 3. Bb5 a6 4. Ba4 Nf6 5. 0-0 b5 6. Bb3 Be7 7. Re1 0-0 8. d3 d6 9. Bg5 Na5 10. Nbd2 Nxb3 11. axb3 c5 12. Nf1 h6 13. Bh4 Nh7 14. Bg3 f5 15. exf5 Bxf5 16. Ne3 Be6 17. Nd2 Nf6 18. Ne4 Qe8 19. Nxf6+ Bxf6 20. Qd2 h5 21. h3 Qg6 22. Kh1 Bg5 23. Qe2 Ra7 24. Bh2 Bh4 25. Rf1 Raf7 26. f3 Bc8 27. Nd5 Bd8 28. Qe4 Bf5 29. Qe2 a5 30. Nc3 Bd7 31. Qe4 Qh6 32. Qe2 g5 33. Ne4 Rg7 34. Qe3 Qg6 35. c3 b4 36. c4 Rgf7 37. Qe2 Rg7 38. Qe3 Bf5 39. Nf2 Kh8 40. Ne4 Rfg8 41. g4 Bd7 42. Kg2 h4 43. Rf2 Bc6 44. Raf1 Rf8 45. Kg1 Kh7 46. Kg2 Rgf7 47. Kg1 Kh6 48. Kg2 Ra7 49. Ra1 Be7 50. Ra2 Rfa8 51. Rf1 a4 52. Rfa1 Qe8 53. bxa4 Rxa4 54. Rxa4 Bxa4 55. Bg1 Bc6 56. Rxa8 Qxa8 57. Bf2 Kg6 58. Qd2 Qd8 59. Be3 Bd7 60. Qc1 Bc6 61. Qd2 Bd7 62. Qc1 Bc6 63. Qd2 Bd7 1/2-1/2

[Event "Moscow-ch (Women)"]
[Site "Moscow"]
[Date "2018.03.28"]
[Round "5"]
[White "Nur Mukhametova, Alisa"]
[Black "Akopova, Anna"]
[Result "0-1"]
[WhiteElo "1858"]
[BlackElo "2128"]
[PlyCount "132"]
[EventDate "2018.03.24"]
[EventType "swiss"]
[EventRounds "9"]
[EventCountry "RUS"]
[SourceTitle "CBM 183 Extra"]
[Source "ChessBase"]
[SourceDate "2018.04.19"]
[SourceVersion "1"]
[SourceVersionDate "2018.04.19"]
[SourceQuality "1"]

1. Nf3 d5 2. g3 c6 3. Bg2 Nf6 4. 0-0 Bg4 5. d3 Nbd7 6. Nbd2 e5 7. e4 dxe4 8. dxe4 Be7 9. h3 Bh5 10. Qe1 0-0 11. b3 Qc7 12. Bb2 Ne8 13. Nc4 f6 14. Nh4 Bf7 15. Ne3 a5 16. a3 g6 17. Qe2 Ng7 18. Rad1 b5 19. Nf3 Ne6 20. Ng4 Be8 21. h4 h5 22. Ne3 Ndc5 23. Nh2 Bf7 24. Rd2 Rad8 25. Rfd1 Rxd2 26. Rxd2 Rd8 27. Qd1 Nb7 28. Bf1 Bc5 29. Rxd8+ Nbxd8 30. Qd2 Nb7 31. c4 b4 32. a4 Bd4 33. Nf3 Nbc5 34. Qc2 Bxb2 35. Qxb2 Nxe4 36. Bg2 N4c5 37. Nd2 Qd6 38. Ne4 Qd4 39. Qc2 Kg7 40. Nxc5 Qxc5 41. Nf1 Be8 42. Nd2 Qd4 43. Ne4 f5 44. Nd2 Qa1+ 45. Kh2 Nd4 46. Qd3 Qc3 47. Qe3 e4 48. Qf4 Ne6 49. Qd6 Bf7 50. Nf1 Qxb3 51. Qxc6 Nd4 52. Qc5 Qxc4 53. Qe5+ Kg8 54. Qxa5 Nc2 55. Qd8+ Kg7 56. a5 b3 57. Qb8 Qa6 58. Qe5+ Qf6 59. Qc5 Qd4 60. Qc7 Nb4 61. Nd2 Qxd2 62. Qe5+ Kg8 63. Qb8+ Kg7 64. Qe5+ Kh7 65. Qc7 Qd5 66. Qc6 Qd8 0-1

[Event "Moscow-ch (Women)"]
[Site "Moscow"]
[Date "2017.04.01"]
[Round "1"]
[White "Martynyuk, Elizaveta"]
[Black "Akopova, Anna"]
[Result "1/2-1/2"]
[WhiteElo "2165"]
[BlackElo "2119"]
[PlyCount "80"]
[EventDate "2017.04.01"]
[EventType "swiss"]
[EventRounds "9"]
[EventCountry "RUS"]
[SourceTitle "CBM 177 Extra"]
[Source "ChessBase"]
[SourceDate "2017.04.27"]
[SourceVersion "1"]
[SourceVersionDate "2017.04.27"]
[SourceQuality "1"]

1. e4 e5 2. Nf3 Nc6 3. Bc4 Nf6 4. d3 Be7 5. 0-0 0-0 6. c3 d6 7. Bb3 Re8 8. Nbd2 Bf8 9. h3 h6 10. Nh4 Be6 11. Bxe6 Rxe6 12. Nf5 d5 13. Qf3 g6 14. Ne3 d4 15. Nd5 dxc3 16. bxc3 Bg7 17. Nc4 b5 18. Nce3 a5 19. Ng4 Nxg4 20. hxg4 b4 21. cxb4 Nd4 22. Qd1 c6 23. Ne3 axb4 24. Nc2 Bf8 25. Be3 Nxc2 26. Qxc2 Ra3 27. Rfd1 Rc3 28. Qe2 Rd6 29. Rac1 Rdxd3 30. Rxd3 Rxd3 31. g5 hxg5 32. Rxc6 Be7 33. Qc2 Rd1+ 34. Kh2 Kg7 35. Rc8 Qd7 36. f3 Bd8 37. Qc5 Be7 38. Qc2 Bd8 39. Qc5 Be7 40. Qc2 Bd8 1/2-1/2

[Event "Moscow-chT"]
[Site "Moscow"]
[Date "2016.10.20"]
[Round "2.4"]
[White "Benza, Artem"]
[Black "Akopova, Anna"]
[Result "1-0"]
[WhiteElo "2318"]
[BlackElo "2128"]
[PlyCount "97"]
[EventDate "2016.10.18"]
[EventType "team-swiss"]
[EventRounds "9"]
[EventCountry "RUS"]
[SourceTitle "CBM 175 Extra"]
[Source "ChessBase"]
[SourceDate "2016.12.12"]
[SourceVersion "1"]
[SourceVersionDate "2016.12.12"]
[SourceQuality "1"]
[WhiteTeam "Moscow Yakimanka"]
[BlackTeam "MGU (W)"]
[WhiteTeamCountry "RUS"]
[BlackTeamCountry "RUS"]

1. Nf3 d5 2. g3 Nf6 3. Bg2 Bf5 4. c4 c6 5. 0-0 e6 6. Qb3 Qb6 7. d3 Nbd7 8. cxd5 exd5 9. Qc2 Qc5 10. Qb3 Qb6 11. Nc3 Qxb3 12. axb3 Bd6 13. Nd4 Bg6 14. h3 0-0 15. f4 h5 16. Nc2 Rfe8 17. b4 Nb6 18. Bf3 Bf5 19. Kg2 a6 20. Re1 Bg4 21. hxg4 hxg4 22. Be3 gxf3+ 23. Kxf3 Nfd7 24. Bd4 Rad8 25. Rh1 Be7 26. Rh2 Nc8 27. Na4 b6 28. Nc3 c5 29. bxc5 bxc5 30. Bf2 Nb8 31. Ra5 d4 32. Ne4 Na7 33. g4 f6 34. Rh5 Nac6 35. Ra4 g6 36. Rxc5 Bxc5 37. Nxc5 Rd5 38. Ne4 Kg7 39. Nxd4 Nd8 40. Be1 f5 41. gxf5 gxf5 42. Ng3 Kg6 43. Ngxf5 Rxf5 44. Nxf5 Kxf5 45. e4+ Kf6 46. d4 Ne6 47. Bh4+ Kf7 48. f5 Ng7 49. Rc4 1-0

[Event "RUS-chT U20"]
[Site "Kolomna"]
[Date "2014.08.07"]
[Round "6"]
[White "Litvinov, Maxim"]
[Black "Akopova, Anna"]
[Result "1-0"]
[WhiteElo "2198"]
[BlackElo "2107"]
[PlyCount "131"]
[EventDate "2014.08.02"]
[EventType "swiss"]
[EventRounds "9"]
[EventCountry "RUS"]
[SourceTitle "EXT 2016"]
[Source "ChessBase"]
[SourceDate "2015.10.08"]
[SourceVersion "1"]
[SourceVersionDate "2015.10.08"]
[SourceQuality "1"]

1. e4 e5 2. Nf3 Nc6 3. Bb5 a6 4. Bxc6 dxc6 5. Nc3 Bd6 6. d4 Bg4 7. dxe5 Bxf3 8. Qxf3 Bxe5 9. Bf4 Qf6 10. Bxe5 Qxe5 11. 0-0-0 Nf6 12. Qe3 Ng4 13. Qd2 Qe7 14. Qf4 Ne5 15. Rd4 0-0 16. Rhd1 b5 17. Ne2 Qc5 18. Ng3 g6 19. Kb1 Nc4 20. Qf6 Qe5 21. Qxe5 Nxe5 22. f4 Nc4 23. b3 Nb6 24. Kb2 c5 25. R4d2 c4 26. e5 cxb3 27. cxb3 c6 28. Rd6 Nd5 29. Rd4 Ne7 30. Rd7 Nd5 31. Rd6 Ne7 32. Rd2 Nd5 33. Rd4 Ne7 34. h4 Rac8 35. h5 Nd5 36. Ne4 Rc7 37. g3 Kg7 38. Nc5 a5 39. Re4 Re8 40. g4 Ne7 41. Kc3 Nc8 42. Rd2 Nb6 43. Rd6 Nc8 44. Rf6 Nb6 45. Kd4 Nd7 46. Rd6 Nb6 47. f5 Nc8 48. Rd7 Rxd7+ 49. Nxd7 Rd8 50. e6 fxe6 51. fxe6 Nd6 52. Re1 Re8 53. Kc5 Nc8 54. Kxc6 b4 55. Kb5 Nd6+ 56. Kxa5 Ra8+ 57. Kxb4 Rxa2 58. Kc5 Ne8 59. b4 Rc2+ 60. Kb6 Rc4 61. b5 Rxg4 62. Kb7 gxh5 63. b6 Rc4 64. Rg1+ Rg4 65. Rb1 Re4 66. Nc5 1-0

[Event "RUS-chT U20"]
[Site "Kolomna"]
[Date "2014.08.04"]
[Round "3"]
[White "Akopova, Anna"]
[Black "Sarana, Alexey"]
[Result "0-1"]
[WhiteElo "2107"]
[BlackElo "2350"]
[PlyCount "118"]
[EventDate "2014.08.02"]
[EventType "swiss"]
[EventRounds "9"]
[EventCountry "RUS"]
[SourceTitle "EXT 2016"]
[Source "ChessBase"]
[SourceDate "2015.10.08"]
[SourceVersion "1"]
[SourceVersionDate "2015.10.08"]
[SourceQuality "1"]

1. Nf3 d5 2. g3 c6 3. Bg2 Bg4 4. 0-0 Nd7 5. d3 Ngf6 6. Qe1 e5 7. h3 Bh5 8. e4 dxe4 9. dxe4 Bc5 10. b3 0-0 11. Bb2 Qc7 12. Nbd2 Rfe8 13. Nh4 Nf8 14. Nc4 b5 15. b4 Bd4 16. c3 Bxf2+ 17. Rxf2 bxc4 18. Qf1 Ne6 19. Qxc4 Nd7 20. Nf5 f6 21. Rd2 Nb6 22. Qb3 Rad8 23. Rxd8 Qxd8 24. Qc2 Qd7 25. Rf1 Rd8 26. Bc1 c5 27. bxc5 Nxc5 28. Ba3 Qa4 29. Qxa4 Ncxa4 30. Bb4 Nc4 31. Ne7+ Kf7 32. Nc6 Rd3 33. g4 Bg6 34. Rf2 Ke6 35. Nxa7 Ne3 36. Bf3 Nd1 37. Be2 Nxf2 38. Kxf2 Rxc3 39. Bxc3 Nxc3 40. Bc4+ Kd6 41. Ke3 Nxe4 42. Nc8+ Kd7 43. Nb6+ Kc6 44. Nd5 Nd6 45. Bb3 Bb1 46. Nc3 Bg6 47. Ne2 Kc5 48. Ng1 Be8 49. Nf3 Bd7 50. Nd2 h5 51. Kf3 Kd4 52. Nf1 h4 53. Ne3 g6 54. a4 f5 55. gxf5 gxf5 56. a5 Bc6+ 57. Ke2 f4 58. Ng4 e4 59. Ke1 e3 0-1

[Event "EU-chT U18 Girls"]
[Site "Maribor"]
[Date "2013.07.11"]
[Round "6"]
[White "Unuk, Laura"]
[Black "Akopova, Anna"]
[Result "1/2-1/2"]
[WhiteElo "2000"]
[BlackElo "2048"]
[PlyCount "132"]
[EventDate "2013.07.06"]
[EventType "team-tourn"]
[EventRounds "7"]
[EventCountry "SLO"]
[SourceTitle "CBM 155 Extra"]
[Source "ChessBase"]
[SourceDate "2013.08.26"]
[SourceVersion "1"]
[SourceVersionDate "2013.08.26"]
[SourceQuality "1"]
[WhiteTeam "Slovenia U18 Girls"]
[BlackTeam "Russia U18 Girls"]
[WhiteTeamCountry "SLO"]
[BlackTeamCountry "RUS"]

1. d4 Nf6 2. c4 e6 3. Nf3 d5 4. e3 c6 5. Bd3 Nbd7 6. 0-0 Bd6 7. Nc3 dxc4 8. Bxc4 b5 9. Be2 0-0 10. e4 Be7 11. Qc2 a6 12. Bd3 g6 13. a4 b4 14. Nb1 c5 15. Be3 Bb7 16. Qe2 c4 17. Bxc4 Nxe4 18. Rd1 Nb6 19. Bd3 Nf6 20. Nbd2 Nfd5 21. Bh6 Re8 22. Ne5 Bg5 23. Bxg5 Qxg5 24. Ne4 Qe7 25. g3 f6 26. Nf3 Nd7 27. Rac1 a5 28. Nfd2 N7b6 29. Bb5 Red8 30. Nc5 Bc8 31. Re1 Rd6 32. Nc4 Nxc4 33. Qxc4 Nb6 34. Qb3 Kf7 35. Red1 Bb7 36. Rd2 Bd5 37. Qe3 Kg7 38. Rdc2 Ra7 39. f4 Rd8 40. Rd2 Qd6 41. Re1 Re7 42. Qf2 Ba8 43. Bf1 Nd7 44. Rc2 Nf8 45. Bh3 Kf7 46. Kf1 Qd5 47. Rec1 Qxd4 48. Qxd4 Rxd4 49. Nb3 Rdd7 50. Nxa5 Bd5 51. Bg2 Ra7 52. Nc6 Bxc6 53. Bxc6 e5 54. Rc4 Ne6 55. Bd5 Kg7 56. Bxe6 Rxe6 57. Rxb4 e4 58. Rbc4 Kh6 59. g4 Rb6 60. R1c2 Rab7 61. Rxe4 Rxb2 62. Rxb2 Rxb2 63. h3 Rh2 64. Re3 Ra2 65. Re4 Rh2 66. Re3 Ra2 1/2-1/2

[Event "Wch U16 Girls"]
[Site "Maribor"]
[Date "2012.11.18"]
[Round "11.11"]
[White "Mukhit, Aisezym"]
[Black "Akopova, Anna"]
[Result "1/2-1/2"]
[WhiteElo "2072"]
[BlackElo "2000"]
[PlyCount "59"]
[EventDate "2012.11.08"]
[EventType "swiss"]
[EventRounds "11"]
[EventCountry "SLO"]
[SourceTitle "EXT 2013"]
[Source "ChessBase"]
[SourceDate "2012.11.22"]
[SourceVersion "1"]
[SourceVersionDate "2012.11.22"]
[SourceQuality "1"]

1. e4 c6 2. d4 d5 3. Nd2 dxe4 4. Nxe4 Nd7 5. Ng5 Ngf6 6. Bd3 e6 7. Qe2 Nb6 8. N1f3 h6 9. Ne4 Nbd5 10. c3 Nxe4 11. Qxe4 Nf6 12. Qe2 Be7 13. 0-0 0-0 14. Ne5 Qc7 15. Bf4 Bd6 16. Rfe1 b6 17. Qf3 Bb7 18. Bxh6 Rfd8 19. Bg5 Be7 20. Qh3 c5 21. Rac1 Rac8 22. Qh4 Kf8 23. Qh8+ Ng8 24. Bxe7+ Qxe7 25. Bh7 Qf6 26. Qxg8+ Ke7 27. Qxf7+ Qxf7 28. Nxf7 Kxf7 29. dxc5 Rxc5 30. Rcd1 1/2-1/2

[Event "Wch U16 Girls"]
[Site "Maribor"]
[Date "2012.11.14"]
[Round "7.21"]
[White "Serefidou, Despina"]
[Black "Akopova, Anna"]
[Result "1/2-1/2"]
[WhiteElo "1927"]
[BlackElo "2000"]
[PlyCount "78"]
[EventDate "2012.11.08"]
[EventType "swiss"]
[EventRounds "11"]
[EventCountry "SLO"]
[SourceTitle "EXT 2013"]
[Source "ChessBase"]
[SourceDate "2012.11.22"]
[SourceVersion "1"]
[SourceVersionDate "2012.11.22"]
[SourceQuality "1"]

1. e4 e5 2. Nf3 Nc6 3. Bc4 Nf6 4. Ng5 d5 5. exd5 Na5 6. Bb5+ c6 7. dxc6 bxc6 8. Be2 h6 9. Nf3 e4 10. Ne5 Bd6 11. d4 exd3 12. Nxd3 Qc7 13. h3 0-0 14. b3 Be5 15. Nxe5 Qxe5 16. c3 Re8 17. Be3 Nd5 18. Qd4 Nxe3 19. Qxe3 Ba6 20. Qxe5 Rxe5 21. c4 Rae8 22. Nc3 Nxc4 23. 0-0 Rxe2 24. Nxe2 Nd2 25. Rfe1 Rxe2 26. Rxe2 Bxe2 27. f3 Kf8 28. Kf2 Bb5 29. Rd1 Nf1 30. a4 Ba6 31. b4 Ke7 32. b5 cxb5 33. Rxf1 bxa4 34. Ra1 Bb5 35. Ke3 h5 36. h4 g6 37. Kd4 Kf6 38. g3 Kf5 39. Ra3 Kf6 1/2-1/2

[Event "Wch U16 Girls"]
[Site "Maribor"]
[Date "2012.11.12"]
[Round "5.17"]
[White "Torres Rosas, Rita Rosalia"]
[Black "Akopova, Anna"]
[Result "0-1"]
[WhiteElo "1807"]
[BlackElo "2000"]
[PlyCount "108"]
[EventDate "2012.11.08"]
[EventType "swiss"]
[EventRounds "11"]
[EventCountry "SLO"]
[SourceTitle "EXT 2013"]
[Source "ChessBase"]
[SourceDate "2012.11.22"]
[SourceVersion "1"]
[SourceVersionDate "2012.11.22"]
[SourceQuality "1"]

1. d4 d5 2. c4 c6 3. Nf3 Nf6 4. e3 Bg4 5. b3 e6 6. Be2 Bb4+ 7. Bd2 Bxd2+ 8. Nbxd2 0-0 9. 0-0 Nbd7 10. Re1 dxc4 11. bxc4 c5 12. Qb3 cxd4 13. exd4 Qc7 14. Bf1 Rad8 15. Rac1 Rfe8 16. h3 Bh5 17. g4 Bg6 18. Bg2 e5 19. d5 Nc5 20. Qa3 Nd3 21. Nh4 Nxe1 22. Rxe1 b6 23. Nxg6 hxg6 24. Qb3 Nd7 25. Nb1 Nc5 26. Qc2 Rc8 27. Na3 a6 28. Qe2 e4 29. Nc2 Nd3 30. Rd1 Qxc4 31. Ne3 Qd4 32. Qd2 Qc3 33. Bf1 Qxd2 34. Rxd2 Rc1 35. Kg2 Ne1+ 36. Kg3 Nf3 37. Rb2 b5 38. Rb3 Nd2 39. Bxb5 axb5 40. Rxb5 Nf1+ 41. Nxf1 Rxf1 42. a4 Ra1 43. a5 Ra8 44. d6 R1xa5 45. Rb6 Rd8 46. Kf4 f5 47. d7 Kf7 48. Rd6 Ra2 49. Ke3 Ra3+ 50. Kf4 Rf3+ 51. Kg5 Rxf2 52. Rxg6 fxg4 53. hxg4 e3 54. Rd6 e2 0-1

[Event "Moscow op (Women)"]
[Site "Moscow"]
[Date "2012.02.03"]
[Round "7"]
[White "Markova, Elizaveta"]
[Black "Akopova, Anna"]
[Result "1/2-1/2"]
[WhiteElo "1799"]
[BlackElo "2008"]
[PlyCount "91"]
[EventDate "2012.01.28"]
[EventType "swiss"]
[EventRounds "9"]
[EventCountry "RUS"]
[SourceTitle "CBM 146 Extra"]
[Source "ChessBase"]
[SourceDate "2012.02.29"]
[SourceVersion "1"]
[SourceVersionDate "2012.02.29"]
[SourceQuality "1"]

1. c3 c6 2. d3 d5 3. Qc2 g6 4. e4 Bg7 5. Nf3 e5 6. g3 Ne7 7. Bg2 0-0 8. 0-0 h6 9. Re1 dxe4 10. dxe4 Be6 11. Be3 Nd7 12. Nbd2 Qc7 13. Rad1 f5 14. Bh3 Kh7 15. Nb3 b6 16. Nh4 h5 17. Bg5 Bf6 18. exf5 Nxf5 19. Nxf5 Bxg5 20. Nh4 Rf6 21. Bxe6 Rxe6 22. Nd4 Rd6 23. Nxg6 exd4 24. Nf8+ Kg8 25. Ne6 Rxe6 26. Rxe6 Nf8 27. Re2 dxc3 28. Qxc3 Rd8 29. Rde1 Qd6 30. h4 Bh6 31. Re7 Rd7 32. Rxd7 Qxd7 33. Qf6 Bg7 34. Qg5 Qd5 35. Qxd5+ cxd5 36. Rd1 d4 37. f3 Ng6 38. b3 Kf7 39. Kg2 Ke6 40. Re1+ Kd7 41. Rd1 Bf6 42. Re1 Be5 43. Rh1 Bf6 44. Re1 Be5 45. Rd1 Kd6 46. Re1 1/2-1/2

[Event "Moscow op (Women)"]
[Site "Moscow"]
[Date "2012.02.01"]
[Round "5"]
[White "Akopova, Anna"]
[Black "Mokshanova, Elizaveta"]
[Result "0-1"]
[WhiteElo "2008"]
[BlackElo "1788"]
[PlyCount "118"]
[EventDate "2012.01.28"]
[EventType "swiss"]
[EventRounds "9"]
[EventCountry "RUS"]
[SourceTitle "CBM 146 Extra"]
[Source "ChessBase"]
[SourceDate "2012.02.29"]
[SourceVersion "1"]
[SourceVersionDate "2012.02.29"]
[SourceQuality "1"]

1. e4 c5 2. g3 Nc6 3. Bg2 g6 4. Ne2 Bg7 5. c3 e6 6. 0-0 Nge7 7. d4 cxd4 8. cxd4 d5 9. e5 0-0 10. Nbc3 b6 11. Qd3 a5 12. Be3 Ba6 13. Qd2 Nf5 14. Bg5 Qd7 15. g4 Nfe7 16. Bf6 h6 17. Bxg7 Kxg7 18. f4 Rh8 19. Rf2 h5 20. f5 exf5 21. gxf5 Nxf5 22. Nxd5 Bxe2 23. Qxe2 Ncxd4 24. Qf1 Rab8 25. Qd3 Qe6 26. Re1 Rhd8 27. Qe4 Rdc8 28. Rd1 Nc6 29. Re1 Nce7 30. Nxe7 Nxe7 31. Qf3 Kg8 32. Rff1 Rc2 33. Bh3 Qd5 34. Qg3 Rf8 35. Rf6 Rxb2 36. Ref1 Qd4+ 37. Kh1 Qe4+ 38. Kg1 Rb1 39. Qg5 Rxf1+ 40. Rxf1 Nc6 41. e6 fxe6 42. Rxf8+ Kxf8 43. Qf6+ Ke8 44. Qh8+ Kf7 45. Qc8 Ne7 46. Qd8 Qe3+ 47. Kg2 Qe2+ 48. Kg1 Qe1+ 49. Kg2 b5 50. Qb6 Qe4+ 51. Kg1 Qe1+ 52. Kg2 Qe4+ 53. Kf2 Qc2+ 54. Kg3 Qd3+ 55. Kg2 Qe2+ 56. Kg1 Qd1+ 57. Bf1 Qg4+ 58. Bg2 Qb4 59. Qf2+ Nf5 0-1

[Event "Moscow op (Women)"]
[Site "Moscow"]
[Date "2012.01.30"]
[Round "3"]
[White "Akopova, Anna"]
[Black "Shaydullina, Sandugach"]
[Result "0-1"]
[WhiteElo "2008"]
[BlackElo "2215"]
[PlyCount "110"]
[EventDate "2012.01.28"]
[EventType "swiss"]
[EventRounds "9"]
[EventCountry "RUS"]
[SourceTitle "CBM 146 Extra"]
[Source "ChessBase"]
[SourceDate "2012.02.29"]
[SourceVersion "1"]
[SourceVersionDate "2012.02.29"]
[SourceQuality "1"]

1. e4 c5 2. Nf3 d6 3. Bb5+ Bd7 4. Bxd7+ Nxd7 5. 0-0 Ngf6 6. Re1 e6 7. c3 Rc8 8. d3 Be7 9. Bg5 0-0 10. Nfd2 Ne5 11. Nf3 Qb6 12. Nxe5 dxe5 13. Qb3 Qa6 14. Bxf6 Bxf6 15. c4 Rfd8 16. Re3 Rd6 17. Nc3 Rcd8 18. Nb5 R6d7 19. Qc2 Qb6 20. a4 Qa5 21. Nc3 Bg5 22. Rh3 g6 23. Rd1 a6 24. Rf3 Rd6 25. b3 R8d7 26. Ne2 f5 27. Nc3 Rb6 28. h3 Rbd6 29. Re1 Bd8 30. Kh2 f4 31. g3 g5 32. Rg1 Rg7 33. Ne2 Rdd7 34. Nc3 h5 35. g4 hxg4 36. hxg4 Rh7+ 37. Kg2 Rh4 38. Kf1 Rdh7 39. Qb2 Qc7 40. Ke2 Qd6 41. Na2 Ba5 42. Qa1 Rh3 43. Qf1 R3h4 44. Qa1 Rh2 45. Qb1 R7h3 46. Qf1 Rh7 47. Qa1 Kf7 48. Qb1 Kf6 49. Qa1 Qd8 50. Qb1 R7h3 51. Qf1 Rxf3 52. Kxf3 Qd4 53. Rh1 Rxh1 54. Qxh1 Qxd3+ 55. Kg2 Qxe4+ 0-1

[Event "Moscow-ch (Women)"]
[Site "Moscow"]
[Date "2010.05.27"]
[Round "7"]
[White "Chukhlantseva, Anna"]
[Black "Akopova, Anna"]
[Result "1-0"]
[WhiteElo "1928"]
[BlackElo "1985"]
[PlyCount "95"]
[EventDate "2010.05.21"]
[EventType "swiss"]
[EventRounds "9"]
[EventCountry "RUS"]
[SourceTitle "CBM 136 Extra"]
[Source "ChessBase"]
[SourceDate "2010.07.02"]
[SourceVersion "2"]
[SourceVersionDate "2010.07.15"]
[SourceQuality "1"]

1. e4 c5 2. Nf3 g6 3. d4 Bg7 4. dxc5 Qa5+ 5. c3 Qxc5 6. Na3 Qc7 7. Nb5 Qd8 8. Bc4 Nh6 9. Bxh6 Bxh6 10. Nxa7 0-0 11. Nxc8 Qxc8 12. Qe2 Nc6 13. 0-0 Qc7 14. Rfd1 Ra5 15. Rd5 e6 16. Rxa5 Nxa5 17. Bb5 f5 18. Rd1 Nc6 19. exf5 gxf5 20. Bxc6 bxc6 21. Ne5 d5 22. Nd3 Qd6 23. Re1 Re8 24. Qh5 Qf8 25. Nb4 Bg7 26. Nxc6 Qf7 27. Qe2 Qd7 28. Ne5 Qb7 29. b3 Qc7 30. c4 Bxe5 31. Qxe5 Qxe5 32. Rxe5 dxc4 33. bxc4 Rd8 34. g3 Rc8 35. c5 Kf7 36. Kg2 Kf6 37. f4 Rb8 38. Re2 Rc8 39. Rc2 Rc6 40. Kf3 e5 41. fxe5+ Kxe5 42. Ke3 h6 43. Kd3 Kd5 44. Rc3 h5 45. Rc2 h4 46. gxh4 f4 47. h5 f3 48. Ke3 1-0

[Event "Moscow-ch (Women)"]
[Site "Moscow"]
[Date "2010.05.23"]
[Round "3"]
[White "Tereshechkina, Maya"]
[Black "Akopova, Anna"]
[Result "1/2-1/2"]
[WhiteElo "2047"]
[BlackElo "1985"]
[PlyCount "150"]
[EventDate "2010.05.21"]
[EventType "swiss"]
[EventRounds "9"]
[EventCountry "RUS"]
[SourceTitle "CBM 136 Extra"]
[Source "ChessBase"]
[SourceDate "2010.07.02"]
[SourceVersion "2"]
[SourceVersionDate "2010.07.15"]
[SourceQuality "1"]

1. d4 Nf6 2. c4 g6 3. Nf3 Bg7 4. Nc3 0-0 5. g3 d6 6. Bg2 Nbd7 7. 0-0 c6 8. e4 e5 9. h3 Re8 10. Be3 exd4 11. Nxd4 Nc5 12. Qc2 Qe7 13. Rae1 Nfxe4 14. Nxe4 Nxe4 15. Bxe4 Qxe4 16. Bd2 Qxe1 17. Rxe1 Rxe1+ 18. Bxe1 Bxd4 19. Qe4 Be5 20. g4 f5 21. Qe2 fxg4 22. hxg4 Bd7 23. Bc3 Bxc3 24. Qe7 Rf8 25. bxc3 Rf7 26. Qxd6 Bxg4 27. Qd8+ Rf8 28. Qd4 Bf5 29. Qxa7 Rf7 30. Qb8+ Kg7 31. Qe5+ Kg8 32. c5 Bg4 33. a4 Bf3 34. Kh2 h6 35. a5 Kh7 36. c4 Kg8 37. Kg3 Kh7 38. Qe6 Kg7 39. Qe8 Rf6 40. Qe7+ Rf7 41. Qe5+ Kg8 42. Qb8+ Kg7 43. Kh2 Kh7 44. Kg1 Kg7 45. Kf1 Kh7 46. Qe8 Kg7 47. Ke1 Rf5 48. Kd2 Rf7 49. Ke3 Rf5 50. Qd7+ Rf7 51. Qc8 Kh7 52. Kd4 Kg7 53. Qb8 h5 54. Qd8 Rf4+ 55. Ke3 Rf7 56. Qe8 Rf5 57. Qe6 Rf7 58. Qc8 Kh7 59. Kd4 Kg7 60. Qb8 Rd7+ 61. Ke5 Re7+ 62. Kd6 Rf7 63. Ke5 Rf5+ 64. Kd6 Rf6+ 65. Ke5 Rf5+ 66. Kd4 Rf7 67. Qg3 Rf5 68. Qc7+ Rf7 69. Qc8 Rf4+ 70. Ke5 Rf5+ 71. Kd6 Rf6+ 72. Ke5 Rf5+ 73. Kd4 Rf4+ 74. Ke5 Rf7 75. Qe6 Rf5+ 1/2-1/2

[Event "Moscow-ch (Women)"]
[Site "Moscow"]
[Date "2010.05.22"]
[Round "2"]
[White "Akopova, Anna"]
[Black "Zizlova, Sofia"]
[Result "0-1"]
[WhiteElo "1985"]
[BlackElo "2087"]
[PlyCount "104"]
[EventDate "2010.05.21"]
[EventType "swiss"]
[EventRounds "9"]
[EventCountry "RUS"]
[SourceTitle "CBM 136 Extra"]
[Source "ChessBase"]
[SourceDate "2010.07.02"]
[SourceVersion "2"]
[SourceVersionDate "2010.07.15"]
[SourceQuality "1"]

1. e4 c5 2. Nf3 d6 3. d4 Nf6 4. Nc3 cxd4 5. Nxd4 g6 6. Be3 Bg7 7. f3 0-0 8. Qd2 Nc6 9. 0-0-0 d5 10. Nxc6 bxc6 11. exd5 cxd5 12. Nxd5 Nxd5 13. Qxd5 Qc7 14. Qxa8 Bf5 15. Qxf8+ Kxf8 16. Rd2 Qb8 17. c4 h5 18. g4 hxg4 19. Bg2 Qc7 20. c5 gxf3 21. Bxf3 Be5 22. c6 Qa5 23. a3 Qa4 24. Bd5 Be4 25. Bxe4 Qxe4 26. Re1 Qxc6+ 27. Rc2 Qb7 28. Bh6+ Bg7 29. Bg5 Bf6 30. Bxf6 exf6 31. Rce2 Qc7+ 32. Kb1 a6 33. Rf1 f5 34. Ref2 Qe5 35. Ka1 Kg7 36. h4 Kh6 37. Rf4 Kh5 38. Ka2 Kh6 39. Ka1 Qd5 40. Kb1 Kg7 41. Ka1 Kf6 42. R4f2 Qd3 43. Ka2 Qc4+ 44. Ka1 Qxh4 45. Rf4 Qh3 46. R1f2 g5 47. R4f3 Qg4 48. Rf1 Qe4 49. Rg3 f4 50. Rg4 Kf5 51. Rgg1 g4 52. Rc1 f3 0-1

[Event "Moscow-ch (Women)"]
[Site "Moscow"]
[Date "2010.05.21"]
[Round "1"]
[White "Mirzoeva, Elmira"]
[Black "Akopova, Anna"]
[Result "1-0"]
[WhiteElo "2230"]
[BlackElo "1985"]
[PlyCount "83"]
[EventDate "2010.05.21"]
[EventType "swiss"]
[EventRounds "9"]
[EventCountry "RUS"]
[SourceTitle "CBM 136 Extra"]
[Source "ChessBase"]
[SourceDate "2010.07.02"]
[SourceVersion "2"]
[SourceVersionDate "2010.07.15"]
[SourceQuality "1"]

1. d4 Nf6 2. Nf3 g6 3. Bf4 Bg7 4. e3 0-0 5. Be2 d5 6. h3 e6 7. 0-0 Ne4 8. Nbd2 Nxd2 9. Qxd2 Nd7 10. c4 Nf6 11. Qc2 c6 12. Rab1 Nd7 13. b4 dxc4 14. Bxc4 Nb6 15. Be2 Nd5 16. Bh2 a5 17. b5 Nb4 18. Qd2 cxb5 19. a3 Nd5 20. Rxb5 b6 21. e4 Nf6 22. Bd3 Bb7 23. Qe2 Bc6 24. Rb2 Re8 25. Rfb1 Nd7 26. Rc1 Rc8 27. Rbc2 Bb7 28. Bc7 Qe7 29. Bb5 Bh6 30. Rd1 Rf8 31. d5 exd5 32. exd5 Qxe2 33. Bxe2 Nf6 34. d6 Bf4 35. g3 Bxd6 36. Rxd6 Ne8 37. Rd7 Nf6 38. Rd1 Be4 39. Rcc1 Rfe8 40. Bxb6 Rb8 41. Bd4 Nd5 42. Nd2 1-0